00948 2200325 4500001002100000005001500021035002000036007000300056040001700059100003000076245008100106250002000187300002700207504002900234020002200263041000800285082001400293084002000307090002400327264003100351336002100382337003000403338002300433500003400456650002100490700003700511850001000548008004100558990002300599INLIS00000000000477820260522021515 a0010-0122000410ta aSBPUPADbind0 aKadar M. YusufePengarang1 aTafsir Tarbawi :bPesan-pesan Al-Qur'an tentang Pendidikan /cKadar M. Yusuf a.-Ed. 1, Cet. 2 axiv, 194 hal. ;c21 cm abibliografi, hlm 189-191 a978-602-8689-88-5 aind a297.122.7 a297.122.7 KAD t a297.122.7 KAD t 4-6 a.--jakarta :bAmzah,c2015 2rdacontentateks 2rdamediaatanpa perantara 2rdacarrieravolume abiografi penulis, hlm 193-194 4apendidikan islam aeditor, Achmad ZirzisePengarang aPUPAD260522 0  a22.397/KAPD/2016/B